| 000 | 00803cad a22002055a 4500 | ||
|---|---|---|---|
| 001 | E150614 | ||
| 008 | 100803s2010 xxk f s000 0 eng d | ||
| 020 | _a9780755993031 | ||
| 035 | _a(Sirsi) u150614 | ||
| 041 | 0 | _aeng | |
| 110 | 2 | _aRural Development Council | |
| 245 | 0 | 0 |
_aSpeak up for rural Scotland _h[electronic resource] |
| 260 |
_aEdinburgh _bScottish Government _c2010 |
||
| 520 | _aSets out the Rural Development Commission's vision for a prosperous rural Scotland and discusses how rural Scotland can contribute to sustainable economic growth. | ||
| 590 | _aKA | ||
| 651 | 4 |
_aScotland _y1999- |
|
| 690 | _aPROPERTY-RURAL AND NATURAL ASSETS | ||
| 856 | 4 | 0 |
_uhttps://www.scotland.gov.uk/Publications/2010/07/22091602/0 _zView the report free of charge at www.scotland.gov.uk |
| 942 | _n0 | ||
| 999 |
_c110923 _d110923 |
||